000 00845cab a22002415a 4500
001 L153402
008 110720e20110709xxk 000 0 eng d
035 _a(Sirsi) u153402
041 0 _aeng
100 1 _aHamilton, Helen
245 0 0 _aFocus
_bBeds, Herts and Essex
260 _c2011
490 _aEstates Gazette
_v9 July 2011, 59-67(7)
520 _aNotes how retail property investors are seeing these regions as being attractive for investment helped by the resilient retail sector and the good scope for redevelopment. With a summary of the latest deals and a case study of British Land.
590 _aKA
651 4 _aHertfordshire
651 4 _aBedfordshire
651 4 _aEssex
690 _aPROPERTY-COMMERCIAL PROPERTY-COMMERCIAL PROPERTY MARKET
700 1 _aMeadwell, Stacey
700 1 _aElghamry, Nadia
942 _n0
999 _c83283
_d83283